00000000nam 2200000za 4500
0019.574631
003CaOODSP
00520250415131256
007cr |||||||||||
008150406|2000||||onc ||||obs  f|0| 0 eng d
022 |a1205-9153
040 |aCaOODSP|beng
043 |an-cn---
0861 |aCS11-0019/122E-PDF
1001 |aBaldwin, John R. |q(John Russel)
24510|aDeterminants of innovative activity in Canadian manufacturing firms : |bthe role of intellectual property rights / |cby John Baldwin, Petr Hanel and David Sabourin.
260 |aOttawa - Ontario : |bStatistics Canada |cMarch 7, 2000.
300 |a1 online resource (38 p.)
4901 |aAnalytical Studies Branch research paper series ; |x1205-9153|vNo. 122
500 |aThe catalogue number (11F0019MPE) and ISBN (0-660-17543-6) for the print edition have been incorrectly copied in this electronic publication.
504 |aIncludes bibliographical references (pages 30-34).
5203 |aThis paper focuses on the characteristics of firms that are innovators. It examines six factors that contribute to innovative activity in the Canadian manufacturing sector: (1) intellectual property right protection (2) R&D (3) competencies in marketing, human resources, technology and production (4) firm size and competition (5) nationality of the firm, and (6) an industry's environment or the scientific infrastructure. The authors describe the differences between a product innovation and a process innovation and present their conclusions on protecting innovation and the prerequisites for innovation.
590 |a12-35-Supp|b2012-08-09
7102 |aStatistics Canada.
77508|tLes déterminants des activités d'innovation dans les entreprises de fabrication canadienne : |w(CaOODSP)9.604366
7760#|tDeterminants of innovations activity in Canadian manufacturing firms : |w(CaOODSP)9.614463
830#0|aResearch paper series (Statistics Canada. Analytical Studies Branch)|x1205-9153|vNo. 122|w(CaOODSP)9.504421
85640|ahttp://publications.gc.ca|qPDF|s180 KB|uhttps://publications.gc.ca/collections/Collection/CS11-0019-122E.pdf|yNo. 122